| 000 | 00417nam a2200169Ia 4500 | ||
|---|---|---|---|
| 008 | 230524s9999 xx 000 0 und d | ||
| 020 | _a8178081016 | ||
| 082 |
_a5.743 _bSTE |
||
| 100 | _aW.Richard Stevens | ||
| 245 | 0 | _aTCP/ IP Illustrated Vol-I The Protocol's | |
| 250 | _a6TH | ||
| 260 |
_aSINGAPORE _bPearson _c2001 |
||
| 300 | _aXIX;576 | ||
| 500 | _aQuantity Number: 2 | ||
| 650 | _aComp-Sc | ||
| 942 | _cBK | ||
| 999 |
_c24608 _d24608 |
||